Microsoft Access 2000 / (Record no. 10767)
[ view plain ]
| 000 -LEADER | |
|---|---|
| fixed length control field | 00685nam a22002292 4500 |
| 001 - CONTROL NUMBER | |
| control field | 0000004419 |
| 005 - DATE AND TIME OF LATEST TRANSACTION | |
| control field | 20151217154348.0 |
| 008 - FIXED-LENGTH DATA ELEMENTS--GENERAL INFORMATION | |
| fixed length control field | 070523s xx 000 0 eng d |
| 020 ## - INTERNATIONAL STANDARD BOOK NUMBER | |
| International Standard Book Number | 007234928X : |
| Terms of availability | KES 400 |
| 040 ## - CATALOGING SOURCE | |
| Original cataloging agency | KABU |
| Transcribing agency | KABU |
| 050 #0 - LIBRARY OF CONGRESS CALL NUMBER | |
| Classification number | QA76.9 |
| Item number | .D3L38 |
| 100 1# - MAIN ENTRY--PERSONAL NAME | |
| Personal name | Laudon, Kenneth C. |
| -- | 0000154968 |
| 245 10 - TITLE STATEMENT | |
| Title | Microsoft Access 2000 / |
| Statement of responsibility, etc. | Kenneth C. Laudon, Jason Eiseman. |
| 250 ## - EDITION STATEMENT | |
| Edition statement | introductory ed. |
| 260 ## - PUBLICATION, DISTRIBUTION, ETC. (IMPRINT) | |
| Place of publication, distribution, etc. | Boston : |
| Name of publisher, distributor, etc. | McGraw-Hill, |
| Date of publication, distribution, etc. | 2000. |
| 300 ## - PHYSICAL DESCRIPTION | |
| Extent | various pagings. |
| 650 #0 - SUBJECT ADDED ENTRY--TOPICAL TERM | |
| Topical term or geographic name as entry element | Microsoft Access 2000. |
| -- | 0000154964 |
| 700 1# - ADDED ENTRY--PERSONAL NAME | |
| Personal name | Eiseman, Jason. |
| -- | 0000154969 |
| 908 ## - PUT COMMAND PARAMETER (RLIN) | |
| Put command parameter | 070523 |
| 950 ## - LOCAL HOLDINGS (RLIN) | |
| -- | 1 |
| Withdrawn status | Lost status | Source of classification or shelving scheme | Not for loan | Home library | Current library | Date acquired | Total Checkouts | Full call number | Barcode | Date last seen | Price effective from | Koha item type |
|---|---|---|---|---|---|---|---|---|---|---|---|---|
| Library of Congress Classification | Kabarak, Main Campus | Kabarak, Main Campus | 17/12/2015 | QA76.9 .D3L38 | 008137 | 17/12/2015 | 17/12/2015 | General Collection |